Statistiken für Ewige Tabelle Europa League (Top 100)

Klicken Sie hier um das Quiz zu spielen!

Allgemein

  • Dieses Quiz wurde 332 mal gespielt
  • Das Durchschnittsergebnis liegt bei 45 aus 100

Antwortstatistiken

PlatzSpieleTorePunkteAntwort% Korrekt
6150250:134282Sevilla FC
89%
5991131:105147Borussia Dortmund
85%
8156303:172269FC Barcelona
84%
4687151:72159Manchester United
84%
5282179:97154FC Bayern Müchen
82%
12138219:107250FC Liverpool
81%
26127216:130215Bayer Leverkusen
80%
805297:54106Chelsea London
79%
1218350:210372Inter Mailand
79%
7864111:75109Real Madrid
77%
3998164:92176FC Schalke 04
76%
29108211:104203Arsenal
75%
23125235:141219Eintracht Frankfurt
75%
9155272:158267Ajax Amsterdam
74%
2192329:196342AS Rom
74%
13130217:138238Atletico Madrid
74%
3170312:142340Juventus Turin
74%
4098172:136176Olympique Lyon
74%
56103138:125151Olympique Marseille
72%
37110173:130180FC Porto
70%
14138225:157238SL Benfica Lissabon
69%
15147220:177236Lazio Rom
68%
35107165:111181AC Mailand
67%
4202323:231326Sporting Lissabon
66%
7144285:129276Tottenham Hotspur
66%
776895:58111Paris Saint Germain
65%
5183331:211325Valencia
64%
11157255:183256PSV EIndhoven
61%
41108160:142172RB Salzburg
61%
20130233:143221VFB Stuttgart
61%
51121161:171156Celtic Glasgow
60%
31129182:139197Glasgow Rangers FC
60%
16135260:1562351.FC Köln
59%
848987:107101FC Kopenhagen
58%
22140202:159220SSC Neapel
58%
24143221:179216Feyenoord Rotterdam
52%
6186102:82139Hertha BSC
52%
34133176:173184Roter Stern Belgrad
52%
5097192:120156SV Werder Bremen
52%
30104215:119202Borussia Mönchengladbach
51%
53111162:157153FC Basel
51%
69118128:191128Rapid Wien
51%
25158236:219216Club Brügge
50%
866992:8797Galatasaray Istanbul
49%
876384:6396ZSKA Moskau
49%
27155225:192209Dinamo Zagreb
48%
4399164:121171Zenit St.Petersburg
48%
19128216:143229Hamburger SV
47%
49110136:153157Fenerbahce
46%
6598136:142132Besiktas
45%
5787139:111148FC Shaktar Donezk
45%
17147223:195235Athletic Bilbao
44%
7570108:84119AS Monaco
43%
10160274:190265RSC Anderlecht
43%
38121175:154179SC Braga
43%
9580107:13688Austria Wien
42%
796486:66108Betis Sevilla
42%
855899:7798Everton FC
42%
1008095:13986FC Zürich
42%
68100127:142128Olympiakos Piräus
42%
32116156:116189AC Florenz
41%
66116145:187131AEK Athen
41%
888092:10896Legia Warschau
39%
44102159:150170Slavia Prag
38%
58108143:144148Sparta Prag
38%
3692157:80180Newcastle United
37%
45118155:136163Dynamo Kiew
36%
21140197:171221Girondins Bordeaux
35%
28118187:144208Spartak Moskau
34%
926099:7291RC Lens
28%
33114196:149185AZ Alkmaar
27%
836690:84101Real Sociedad San Sebastian
27%
7294114:123123Panathinaikos Athen
26%
4299158:88171Leeds United
25%
18121205:122231Villarreal CF
25%
7078144:981271.FC Kaiserslautern
24%
975685:7787FC Nantes
23%
62106129:137137Steaua Bukarest
22%
4883129:74157FC Parma Calcio
21%
936484:9190Lokomotive Moskau
21%
64112147:181133Partizan Belgrad
20%
47122153:172159Standart Lüttich
20%
54120149:161153PAOK Saloniki
19%
917096:9393Bröndby IF
18%
965477:5187Dynamo Dresden
17%
55107153:139152Ferencvaros Budapest
17%
60102155:142147Twente Enschede
17%
996098:7186AS Saint-Etienne
14%
8164100:58103Celta Vigo
14%
984876:4486FC Bologna
13%
7490149:143121Grasshoppers Zürich
12%
6375117:80134Espanyol Barcelona
11%
896289:6595FC Turin
11%
767797:85113Dnipro Dnipropetrowsk
7%
7374115:72122AJ Auxerre
5%
947687:11589Levski Sofia
5%
905089.5294Ipswich Town
3%
7180119:85126Dundee United
1%
8264104:96101Hibernian
1%
6772134:97130Real Zaragoza
1%

Verteilung der Resultate

Perzentil nach korrekt beantworteten Fragen

Anzahl Personen mit jedem Resultat

Ihre Resultats-Entwicklung

Sie haben dieses Quiz noch nicht gespielt